000 00670nam a22002177a 4500
003 UA-OsUOA
001 35933
007 ta
008 20060703b un ||||| |||| 00| 0 ukr d
090 _a81,374,3
_bУ45
942 _cBK
040 _aUA-OsUOA
_bukr
_cUA-OsUOA
_dUA-OsUOA
245 _aУкраїнсько-латинсько-англійський медичний тлумачний словник
_bТ. 1
_cА - К
300 _a651 с.
955 _a1
041 _aukr
080 _a81,374,3
260 _aЛьвів
_c1995
650 7 _a8 Мовознавство. Художня література. Літературознавство
_2UDC
999 _c424245
_d424245